header

Not quite paradise (Record no. 107311)

MARC details
000 -LEADER
fixed length control field 01438nam a2200361Ia 4500
100 1# - MAIN ENTRY--AUTHOR NAME
Personal name Barker, Adele Marie,
245 10 - TITLE STATEMENT
Title Not quite paradise
260 ## - PUBLICATION, DISTRIBUTION, ETC. (IMPRINT)
Place of publication Boston :
Name of publisher Beacon Press,
Year of publication c2009.
300 ## - PHYSICAL DESCRIPTION
Number of Pages 303 p. :
Other physical details map.
650 #0 - SUBJECT ADDED ENTRY--TOPICAL TERM
Topical Term Ethnic conflict
Topical Term War and society
Topical Term Tsunamis
Topical Term Indian Ocean Tsunami, 2004.
Topical Term Teachers
856 40 - ELECTRONIC LOCATION AND ACCESS
Uniform Resource Identifier http://site.ebrary.com/lib/rucke/Doc?id=10355633

No items available.

© 2026 Rongo University
Contact us: librarian | system librarian | Rongo university